1371 1948 1919 1159 1679 1179 1544 1555 1596 1439 1193 1358 1376 1654 1636 1851 1818 1695 1819 1142 1932 1706 1065 1690 1148 1119 1330 1302 1865 1376 1105 1507 1025 1659 1056 1340 1123 1465 1308 1851 1283 1799 1447 1318 1057 1813 1921 1085 1522 1790 1546 1568 1177 1857 1187 1942 1677 1083 1841 1435 1095 1060 1567 1963 1891 1669 1882 1104 1269 1544 1668 1927 1226 1468 1411 1966 1151 1523 1172 1808 1237 1498 1713 1178 1563 1438 1208 1576 1374 1502 1948 1291 1493 1817 1299 1728 1100 1656 1828 BCNSPRNW ULIB Ver.6.0+V

เปลี่ยนเป็นภาษาไทย

Change to English
 แสดงรายละเอียดบรรณานุกรม
  กลับหน้าหลัก

Brief Record : Get Marc (ISO 2709) : E-mail record : QR code < ปิดหน้าต่าง
LEADER : 00000nam 2200000uu 4500
001    13399110971
003     ULIB
008    110614s||||||||th 000 0 tha d
020    9789741010639
050  4 AC158^bอ543ว 2551
100 1  ยองจู, อัน
245 10 วิทยาศาสตร์ฉลาดรู้ เรื่อง พลังงาน /^cอันยองจู, เขียน ;วิภาพร พูลสวัสดิ์, แปล
250    พิมพ์ครั้งที่ 4
260    กรุงเทพฯ :^bอัมรินทร์คอมมิกส์,^c2551
300    199 หน้า :^bภาพประกอบ ;^c21 ซม.
440  0 ชุดวิทยาศาสตร์ฉลาดรู้ ;^vลำดับที่ 13
650  7 การ์ตูน
650  7 พลังงาน (กลศาสตร์)^xวรรณกรรมสำหรับเด็ก
650  7 วรรณกรรมเกาหลี
650  7 วรรณกรรมสำหรับเด็ก
700 0  วิภาพร พูลสวัสดิ์,^eผู้แปล
945    ^p199^l0^i024192
945    ^p199^l0^i024191
995    ทศพร
999 ^a ใช้งานได้ทุกระบบ
รายการนี้ยังไม่มีแท็ก
คุณยังไม่ได้ล็อกอิน คุณสามารถมีกิจกรรมร่วมกับเว็บไซต์ได้ แต่ต้องล็อกอินก่อน ::
  ล็อกอิน

รายการสื่อสารสนเทศ

ลำดับที่ ประเภท เลขเรียก/บาร์โค้ด สถานที่ สถานะ
- ไม่พบข้อมูล -

รายการใกล้เคียง
    ผู้แต่ง [ยองจู, อัน]

    หัวเรื่อง [การ์ตูน]
    หัวเรื่อง [วรรณกรรมเกาหลี]
    หัวเรื่อง [วรรณกรรมสำหรับเด็ก]

BibComment


ยังไม่เคยถูกคอมเมนท์

คอมเมนท์ทรัพยากรรายการนี้
  คอมเมนท์: วิทยาศาสตร์ฉลาดรู..


 Copyright 2026. Bcnsprnw @Library